| 000 | 01006nam a22002537a 4500 | ||
|---|---|---|---|
| 005 | 2008101001481.0 | ||
| 008 | 081010t xxu||||| |||| 00| 0 eng d | ||
| 010 | _aENG-91256 | ||
| 020 |
_a8183332757 _c199.00 |
||
| 035 | _aEN-74780 | ||
| 037 | _bDBAD / PUB | ||
| 040 |
_adpl _bEnglish |
||
| 082 | _a658.4040285 | ||
| 100 | _aHarris, Paul Eastwood | ||
| 245 |
_aPlanning and Scheduling using Microsoft office project 2007 : _cby Paul Eastwood Harris _bincluding Microsoft project 2000 to 2003 / |
||
| 260 |
_aNew Delhi _bBPB Publications _c2008 |
||
| 270 | _aB-14, Connaught Place, New Delhi-110001 | ||
| 300 |
_aVarious pagings _c24 cm.(pbk) |
||
| 500 | _aIncluses index | ||
| 650 | _aMicrosoft Project. | ||
| 650 |
_aProject management _xComputer programs. |
||
| 942 |
_2ddc _cEN _mHAR _h658.4040285 |
||
| 999 |
_c16499 _d16499 |
||